000 00533nam a22001817a 4500
999 _c8366
_d8366
008 201117b ||||| |||| 00| 0 eng d
040 _aBMS College of Architecture
100 _aGangani,B Priyanka
245 _aCulinary arts center
300 _a39p.
500 _a1BM15AT071
502 _8B,Arch
_NBMS College of Architecture, Visvesvaraya Technological University (VTU)
_aProject report
_d2019
650 _aArts
650 _aCulinary
700 _aAnirban pal
_eGuide
700 _aSachin Shetty
_eGuide
942 _2ddc
_cTHE